[Event "FIDE Zonal 2.5 Open 2019"]
[Site "Montevideo"]
[Date "2019.04.16"]
[Round "6.23"]
[White "Barreto Filho, Carlos Alberto"]
[Black "Zaruski, Julio"]
[Result "0-1"]
[WhiteElo "2293"]
[BlackElo "1842"]
[Annotator "TA"]
[PlyCount "70"]
[EventDate "2019.04.13"]
[EventType "swiss"]
[EventCountry "URU"]
[SourceTitle "playchess.com"]
[Source "ChessBase"]
[SourceQuality "1"]

{[%evp 17,69,47,63,40,79,28,37,14,17,6,19,-8,0,0,-9,-7,0,0,-13,-27,-41,-49,67,70,68,67,108,104,111,50,69,53,94,85,93,63,196,214,208,182,238,199,246,235,224,181,181,-1395,-1406,-1379,-1387,-1312,-1332,-29999]} 1. d4 Nf6 2. Nf3 g6 3. Bf4 Bg7 4. e3 d6 5. h3 O-O 6. c4 Nbd7 7. Nc3 Re8 8. Be2 c6 9. O-O a6 {LiveBook: 9 Games. E61: King's Indian: Early deviations for White, including Smyslov System} 10. a4 (10. Bh2 b5 11. Qc2 Nb6 12. c5 dxc5 13. dxc5 Nbd5 14. Rfd1 Qa5 15. Nxd5 Nxd5 16. e4 Nf6 17. a4 {1-0 (33) Nikolic,P (2622)-Matt,F (2329) Bregenz 2016}) 10... Qa5 11. Nd2 $146 ({White should try} 11. Bg3 $16) ({Predecessor:} 11. Bh2 c5 12. d5 Rf8 13. Qc2 Ne8 14. e4 Ne5 15. Bf4 Nxf3+ 16. Bxf3 e5 {1-0 (52) Bakalarz,M (2312)-Bricard,H (2067) Champagne Ardenne 2009}) 11... e5 $11 {White has an edge.} 12. Nb3 Qd8 13. dxe5 dxe5 14. Bh2 Qe7 15. a5 Nf8 16. Qc2 $36 {[%mdl 2048] White has good play.} Bf5 17. e4 Bd7 18. Kh1 Rad8 19. Bg1 Nh5 (19... Ne6 $15 20. Rfd1 Bc8 21. Rxd8 Rxd8) 20. Bxh5 $1 $14 gxh5 21. f3 Ng6 22. Bb6 Rc8 23. Rad1 ({White should play} 23. Nc5 $16) 23... Be6 $1 24. Na4 Nf4 25. Nac5 h4 26. Nxe6 Qxe6 ({Better is} 26... Nxe6 $14 27. Rd3 Qb4) 27. Nc5 $18 Qg6 28. Nxb7 {aiming for Nd6.} Nh5 (28... Bf8 $142 29. Nc5 Bxc5) 29. Rf2 Re6 30. Nc5 Rf6 31. Nxa6 {Rfd2 is the strong threat.} Bh6 32. Rd8+ $4 {[%mdl 8192]} (32. Nc5 $18) 32... Rxd8 $19 33. Bxd8 {[#]} Qg3 $1 {[%mdl 512]} 34. Kg1 {[#]} Bf4 $1 {[%mdl 512] ( -> ...Qh2+)} 35. Rd2 Qe1# {Precision: White = 26%, Black = 38%.} 0-1

[Event "FIDE Zonal 2.5 Open 2019"]
[Site "Montevideo"]
[Date "2019.04.16"]
[Round "6.24"]
[White "Pena Canapa, Alfredo"]
[Black "Ramirez Dominguez, Agustin"]
[Result "1-0"]
[WhiteElo "1811"]
[BlackElo "1907"]
[Annotator "NA RC"]
[PlyCount "103"]
[EventDate "2019.04.13"]
[EventType "swiss"]
[EventCountry "URU"]
[SourceTitle "playchess.com"]
[Source "ChessBase"]
[SourceQuality "1"]
[TimeControl "40/5400+30:1800+30"]

{[%evp 8,103,45,35,48,37,32767,32767,32767,32767,78,32767,32767,32767,32767,32767,53,27,54,-14,0,20,28,41,32767,85,111,125,139,133,163,173,222,181,154,133,160,157,306,322,366,32767,32767,32767,32767,32767,402,32767,225,32767,325,32767,32767,32767,32767,32767,254,265,255,257,267,32767,396,360,32767,32767,32767,32767,252,240,240,32767,243,254,32767,32767,32767,32767,461,450,438,728,1004,1857,1015,1540,1806,2325,1954,11022,12823,29977,29983,1635,29981,29983,32767,29978]} 1. d4 {[%emt 0:00:00]} Nf6 {[%emt 0:00:00]} 2. c4 {[%emt 0:00:00]} g6 {[%emt 0:00:38]} 3. Nc3 {[%emt 0:00:00]} Bg7 {[%emt 0:00:41]} 4. e4 {[%emt 0:00:05]} d6 {[%emt 0:00:04]} 5. h3 {[%emt 0:00:08]} O-O {[%emt 0:00:34]} 6. Be3 {[%emt 0:00:07]} e5 {[%emt 0:01:01]} 7. d5 {[%emt 0:00:07]} c5 {[%emt 0:01:08] E71: King's Indian: 4 e4 d6 5 h3} (7... a5 8. g4 Na6 9. Nge2 Nd7 10. Qd2 Ndc5 11. Ng3 c6 12. Be2 cxd5 13. cxd5 a4 14. h4 Bd7 15. h5 Rc8 {0-1 (39) Caruana,F (2832)-Nakamura,H (2746) London 2018}) 8. Be2 {[%emt 0:04:31]} Ne8 {[%emt 0:05:43]} 9. Nf3 {[%emt 0:00:43]} f5 {[%emt 0:00:32]} 10. Qc2 $146 {[%emt 0:01:19]} ({Predecessor:} 10. Qb3 f4 11. Bd2 Nd7 12. O-O-O a6 13. Rdg1 Ndf6 14. Bd3 Rf7 15. Ng5 {0-1 (38) Kabai,Z (1856)-Feher,L (1867) Budapest 2007}) 10... Nc7 {[%emt 0:01:08]} 11. Bd3 {[%emt 0:03:38]} a6 {[%emt 0:04:57]} 12. a4 {[%emt 0:00:13]} a5 {[%emt 0:00:09]} 13. O-O-O {[%emt 0:05:15]} (13. exf5 $14 gxf5 14. Bg5) 13... Nba6 {[%emt 0:02:46]} 14. Qe2 {[%emt 0:00:42]} Nb4 {[%emt 0:01:35]} 15. Bb1 {[%emt 0:00:06]} fxe4 {[%emt 0:00:31]} 16. Bxe4 {[%emt 0:00:50]} Bf5 {[%emt 0:00:17]} 17. Nd2 {[%emt 0:02:22]} Qd7 {[%emt 0:01:45]} 18. b3 {[%emt 0:00:33]} Bxe4 {[%emt 0:12:12]} 19. Ndxe4 {[%emt 0:00:27]} Rad8 {[%emt 0:01:03]} (19... Ne8 {was worth a try.} 20. Qg4 Rf5) 20. Qg4 {[%emt 0:04:30]} Qf5 {[%emt 0:07:58]} 21. f3 {[%emt 0:03:25]} Rf7 {[%emt 0:04:25]} 22. Rd2 {[%emt 0:03:20]} h6 {[%emt 0:07:55]} (22... Rfd7 $16 23. Kb1 Ra8) 23. Qh4 {[%emt 0:01:05]} g5 {[%emt 0:01:20]} 24. Qg3 {[%emt 0:05:38]} Bf6 {[%emt 0:17:38]} 25. Nxf6+ {[%emt 0:05:44]} Rxf6 {[%emt 0:00:51]} 26. Ne4 {[%emt 0:00:10]} Rg6 {[%emt 0:00:24]} 27. Qg4 {[%emt 0:00:25]} Qxg4 {[%emt 0:04:00]} 28. hxg4 {[%emt 0:00:17]} Rf8 {[%emt 0:02:15]} 29. Ng3 {[%emt 0:02:32]} Ne8 {[%emt 0:01:57]} 30. Nf5 {[%emt 0:00:17]} Kh7 {[%emt 0:00:34]} 31. Rdd1 {[%emt 0:06:18]} Ng7 {[%emt 0:12:47]} 32. Ne7 {[%emt 0:03:08]} Re8 {[%emt 0:00:15]} 33. Nxg6 {[%emt 0:00:17]} Kxg6 {[%emt 0:00:09]} 34. Kd2 {[%emt 0:01:04]} Na6 {[%emt 0:01:16]} (34... Re7 $142 35. Rh2 Ne8) 35. Rh3 {[%emt 0:04:48]} Nc7 {[%emt 0:00:53]} 36. Rdh1 {[%emt 0:00:41]} Rh8 {[%emt 0:00:34]} 37. Kd3 {[%emt 0:00:00]} Nce8 {[%emt 0:00:30]} 38. Bd2 {[%emt 0:01:21]} b6 {[%emt 0:00:37]} 39. g3 {[%emt 0:00:57]} Nf6 {[%emt 0:01:04]} 40. Ke2 {[%emt 0:03:28]} h5 {[%emt 0:05:13]} 41. gxh5+ {[%emt 0:50:21]} Ngxh5 {[%emt 0:00:56]} 42. Ke1 {[%emt 0:00:00]} Rh7 {[%emt 0:03:55]} 43. g4 {[%emt 0:00:00]} Nf4 {[%emt 0:01:17]} 44. Bxf4 {[%emt 0:00:00]} exf4 {[%emt 0:00:12]} 45. Rxh7 {[%emt 0:00:00]} Nxh7 46. Kd2 {[%emt 0:00:00]} Nf8 {[%emt 0:01:55]} 47. Kd3 {[%emt 0:00:00]} Nh7 {[%emt 0:00:36]} 48. Re1 {[%emt 0:00:00]} Nf8 {[%emt 0:01:29]} 49. Re8 {[%emt 0:00:00]} Kf7 {[%emt 0:00:26] [#]} 50. Rb8 $18 {[%emt 0:00:00]} (50. Rxf8+ $142 $1 {[%mdl 512]} Kxf8 51. Ke4 Kg7 52. Kf5 Kf7 53. Kxg5 Kg7 54. Kf5 Kf7 55. g5) 50... Nd7 {[%emt 0:00:23]} 51. Rb7 {[%emt 0:00:00]} Ke8 {[%emt 0:00:01]} 52. Ke4 {[%emt 0:00:00]} 1-0

[Event "FIDE Zonal 2.5 Open 2019"]
[Site "Montevideo"]
[Date "2019.04.16"]
[Round "6.25"]
[White "Reolon, Victor"]
[Black "Romero, Robert"]
[Result "0-1"]
[WhiteElo "1659"]
[BlackElo "1599"]
[Annotator "NA RC"]
[PlyCount "76"]
[EventDate "2019.04.13"]
[EventType "swiss"]
[EventCountry "URU"]
[SourceTitle "playchess.com"]
[Source "ChessBase"]
[SourceQuality "1"]
[TimeControl "40/5400+30:1800+30"]

1. d4 {[%emt 0:00:00]} Nf6 {[%emt 0:00:00]} 2. c4 {[%emt 0:00:00]} e6 {[%emt 0:00:00]} 3. Nc3 {[%emt 0:00:00]} d5 {[%emt 0:00:03]} 4. Nf3 {[%emt 0:00:22]} c6 {[%emt 0:01:14]} 5. e3 {[%emt 0:02:34]} Be7 {[%emt 0:01:17]} 6. a3 {[%emt 0:01:22]} O-O {[%emt 0:00:14]} 7. Bd3 {[%emt 0:00:23]} dxc4 {[%emt 0:01:23]} 8. Bxc4 {[%emt 0:00:06]} Nbd7 {[%emt 0:03:18]} 9. O-O {[%emt 0:04:44]} Nb6 {[%emt 0:00:49]} 10. Bd3 Nbd5 {[%emt 0:00:27]} 11. e4 {[%emt 0:03:57]} Nxc3 {[%emt 0:01:33]} 12. bxc3 {[%emt 0:00:06]} c5 {[%emt 0:06:26]} 13. Qe2 {[%emt 0:10:07]} b6 {[%emt 0:04:30]} 14. e5 {[%emt 0:19:07]} Nd5 {[%emt 0:01:25]} 15. c4 {[%emt 0:03:49]} Nc7 {[%emt 0:09:45]} 16. dxc5 {[%emt 0:06:00]} Bxc5 {[%emt 0:01:20]} 17. Qe4 {[%emt 0:05:17]} g6 {[%emt 0:02:03]} 18. Bh6 {[%emt 0:03:05]} Re8 {[%emt 0:00:23]} 19. Rfd1 {[%emt 0:05:31]} Rb8 {[%emt 0:12:39]} 20. Qg4 {[%emt 0:01:22]} Qe7 {[%emt 0:06:03]} 21. Bg5 {[%emt 0:01:24]} Qf8 {[%emt 0:00:34]} 22. Bf6 {[%emt 0:04:47]} Be7 {[%emt 0:01:06]} 23. h4 {[%emt 0:06:51]} Bxf6 {[%emt 0:00:47]} 24. exf6 {[%emt 0:00:09]} e5 {[%emt 0:00:23]} 25. Qg5 {[%emt 0:02:04]} e4 {[%emt 0:00:34]} 26. Qf4 {[%emt 0:02:50]} exf3 {[%emt 0:06:32]} 27. Qxc7 {[%emt 0:01:10]} Rb7 {[%emt 0:00:18]} 28. Qg3 {[%emt 0:00:45]} fxg2 {[%emt 0:00:21]} 29. Qxg2 {[%emt 0:02:01]} h5 {[%emt 0:01:01]} 30. Be4 {[%emt 0:01:08]} Rc7 {[%emt 0:01:23]} 31. Rd3 {[%emt 0:06:34]} Rxc4 {[%emt 0:01:33]} 32. Bd5 {[%emt 0:01:22]} Rg4 {[%emt 0:01:28]} 33. Rg3 {[%emt 0:00:02]} Qd6 {[%emt 0:02:10]} 34. Rd1 {[%emt 0:03:07]} Qxf6 {[%emt 0:00:38]} 35. Bf3 {[%emt 0:01:58]} Rxh4 {[%emt 0:02:05]} 36. Rg5 {[%emt 0:01:22]} Bg4 {[%emt 0:03:53]} 37. Bc6 Bxd1 {[%emt 0:08:46]} 38. Bxe8 {[%emt 0:02:36]} Bf3 {[%emt 0:00:30]} 0-1

[Event "FIDE Zonal 2.5 Open 2019"]
[Site "Montevideo"]
[Date "2019.04.16"]
[Round "6.26"]
[White "Fein, Jorge"]
[Black "Prieto Perez, Rodrigo"]
[Result "1/2-1/2"]
[WhiteElo "1648"]
[BlackElo "2037"]
[Annotator "NA RC"]
[PlyCount "75"]
[EventDate "2019.04.13"]
[EventType "swiss"]
[EventCountry "URU"]
[SourceTitle "playchess.com"]
[Source "ChessBase"]
[SourceQuality "1"]
[TimeControl "40/5400+30:1800+30"]

{[%evp 19,68,-33,32767,-8,32767,-20,32767,-9,-4,0,-6,-3,0,-6,4,32767,32767,-36,28,-50,-58,-85,-34,-136,32767,-152,32767,32767,-161,-192,32767,32767,32767,32767,32767,-494,-552,-484,-542,-528,-429,-476,-440,-425,32767,32767,32767,32767,-475,32767,-492]} 1. Nf3 {[%emt 0:00:00]} Nf6 {[%emt 0:00:00]} 2. b3 {[%emt 0:00:00]} d5 {[%emt 0:01:46]} 3. Bb2 {[%emt 0:00:00]} g6 {[%emt 0:00:30]} (3... e6 4. g3 b6 5. Bg2 Bb7 6. O-O Be7 7. c4 O-O 8. cxd5 Nxd5 9. d4 Nd7 10. a3 c5 11. Nbd2 Rc8 12. Re1 cxd4 13. Nxd4 Nc3 14. Bxc3 Bxg2 15. Kxg2 Rxc3 16. Ne4 Rc8 17. a4 Nc5 18. Nxc5 Bxc5 19. Nf3 Qe7 20. Qd3 Rfd8 21. Qa6 h6 {½-½ (21) Nakamura,H (2746)-Nepomniachtchi,I (2763) St Petersburg 2018}) 4. d3 {[%emt 0:00:00]} Bg7 {[%emt 0:01:33]} 5. Nbd2 {[%emt 0:01:43]} c5 {[%emt 0:03:32]} 6. g3 {[%emt 0:00:28] A06: Réti Opening:1 Nf3 d5} O-O {[%emt 0:00:34]} 7. Bg2 {[%emt 0:04:49]} Qc7 $146 {[%emt 0:00:44]} ({Predecessor:} 7... Nc6 8. Ne5 Nxe5 9. Bxe5 b6 10. O-O Bb7 11. Qc1 {1-0 (26) Frosch,E (2197)-Perhinig,R (2229) Austria 2017}) 8. Be5 {[%emt 0:01:42]} Qb6 {[%emt 0:05:15]} 9. Bb2 {[%emt 0:00:26]} Nc6 10. O-O {[%emt 0:00:46]} Ng4 {[%emt 0:01:51]} 11. Bxg7 {[%emt 0:03:44]} Kxg7 {[%emt 0:01:03]} 12. Re1 {[%emt 0:04:14]} c4 {[%emt 0:06:58]} 13. e3 {[%emt 0:03:48]} cxd3 {[%emt 0:03:42]} 14. cxd3 {[%emt 0:00:24]} e5 {[%emt 0:01:42]} 15. h3 {[%emt 0:05:10]} Nf6 {[%emt 0:02:38]} 16. e4 {[%emt 0:03:08]} d4 {[%emt 0:03:08]} 17. Nc4 Qc7 {[%emt 0:04:41]} 18. Rc1 {[%emt 0:03:57]} Nd7 {[%emt 0:00:46]} 19. Ng5 {[%emt 0:08:44]} (19. b4 $11) 19... Nc5 {[%emt 0:07:50]} 20. Qd2 {[%emt 0:09:14]} a5 {[%emt 0:09:17]} 21. Nb2 {[%emt 0:04:24]} (21. f4 $1 $15) 21... b6 {[%emt 0:05:16]} 22. Rc4 {[%emt 0:08:38]} (22. f4 $15) 22... Ba6 {[%emt 0:05:46]} 23. Rcc1 {[%emt 0:10:28]} Qe7 {[%emt 0:07:18]} 24. Nf3 {[%emt 0:10:58]} Nb4 {[%emt 0:01:12]} 25. Bf1 {[%emt 0:04:28]} Nxa2 {[%emt 0:00:29]} 26. Rb1 {[%emt 0:04:44]} Nc3 {[%emt 0:02:01]} 27. Nc4 {[%emt 0:08:36]} Nxb1 {[%emt 0:02:33]} 28. Rxb1 {[%emt 0:00:09]} Bxc4 {[%emt 0:00:35]} 29. bxc4 {[%emt 0:01:56]} Rab8 {[%emt 0:06:09]} 30. Nh2 {[%emt 0:04:03]} h5 {[%emt 0:05:42]} 31. f4 {[%emt 0:00:10]} exf4 {[%emt 0:00:47]} 32. Qxf4 {[%emt 0:00:45]} a4 {[%emt 0:00:39]} 33. Qf2 {[%emt 0:01:01]} f5 $19 {[%emt 0:01:02]} 34. Qxd4+ {[%emt 0:03:29]} Kh7 {[%emt 0:03:26]} 35. e5 {[%emt 0:00:54]} Rbd8 {[%emt 0:00:49]} 36. Qe3 {[%emt 0:02:03]} Qd7 {[%emt 0:00:59]} 37. Rxb6 {[%emt 0:02:56]} Nxd3 38. Rd6 1/2-1/2

[Event "FIDE Zonal 2.5 Open 2019"]
[Site "Montevideo"]
[Date "2019.04.16"]
[Round "6.27"]
[White "Lanaro, Emilio"]
[Black "Palacio, Enzo"]
[Result "1/2-1/2"]
[WhiteElo "1694"]
[BlackElo "1745"]
[Annotator "NA RC"]
[PlyCount "49"]
[EventDate "2019.04.13"]
[EventType "swiss"]
[EventCountry "URU"]
[SourceTitle "playchess.com"]
[Source "ChessBase"]
[SourceQuality "1"]
[TimeControl "40/5400+30:1800+30"]

1. e4 {[%emt 0:00:00]} c5 {[%emt 0:00:00]} 2. Nf3 {[%emt 0:00:00]} Nc6 {[%emt 0:00:00]} 3. d4 {[%emt 0:00:00]} cxd4 {[%emt 0:00:00]} 4. Nxd4 {[%emt 0:00:05]} Nf6 {[%emt 0:00:00]} 5. Nc3 {[%emt 0:00:39]} e5 {[%emt 0:00:00]} 6. Ndb5 {[%emt 0:02:11]} d6 {[%emt 0:00:00]} 7. Nd5 {[%emt 0:02:06]} Nxd5 {[%emt 0:00:04]} 8. exd5 {[%emt 0:00:26]} Nb8 {[%emt 0:00:04]} 9. c4 {[%emt 0:00:58]} Be7 {[%emt 0:00:03]} 10. Be2 {[%emt 0:03:04]} O-O {[%emt 0:00:05]} 11. O-O {[%emt 0:00:27]} a6 {[%emt 0:00:09]} 12. Nc3 {[%emt 0:00:16]} f5 {[%emt 0:00:02]} 13. Bd2 {[%emt 0:08:26]} Nd7 {[%emt 0:01:11]} 14. Rc1 {[%emt 0:02:33]} Bg5 {[%emt 0:00:07]} 15. Bxg5 {[%emt 0:10:41]} Qxg5 {[%emt 0:00:04]} 16. f4 {[%emt 0:01:34]} exf4 {[%emt 0:03:02]} 17. Qd4 {[%emt 0:01:02]} f3 {[%emt 0:04:52]} 18. Bxf3 {[%emt 0:01:10]} Ne5 {[%emt 0:00:02]} 19. Be2 {[%emt 0:01:27]} f4 {[%emt 0:00:26]} 20. Ne4 {[%emt 0:02:44]} Qg6 {[%emt 0:00:13]} 21. Rc3 {[%emt 0:06:30]} Bf5 {[%emt 0:04:07]} 22. Nd2 {[%emt 0:05:03]} Bg4 {[%emt 0:11:40]} 23. Bxg4 {[%emt 0:07:11]} Qxg4 {[%emt 0:00:15]} 24. Nf3 {[%emt 0:00:28]} Rae8 {[%emt 0:01:42]} 25. Nxe5 {[%emt 0:08:35]} 1/2-1/2

[Event "FIDE Zonal 2.5 Open 2019"]
[Site "Montevideo"]
[Date "2019.04.17"]
[Round "7.1"]
[White "Perez Ponsa, Federico"]
[Black "Henriquez Villagra, Cristobal"]
[Result "1/2-1/2"]
[WhiteElo "2562"]
[BlackElo "2543"]
[Annotator "TA"]
[PlyCount "54"]
[EventDate "2019.04.13"]
[EventType "swiss"]
[EventCountry "URU"]
[SourceTitle "playchess.com"]
[Source "ChessBase"]
[SourceQuality "1"]

{[%evp 9,54,0,0,0,0,15,3,0,6,0,2,-67,-65,-92,-79,-80,-89,-112,-58,-50,-56,-65,-51,-77,-64,-68,-65,-75,-65,-71,-49,-60,-60,-60,-60,-65,-24,-61,-16,-32,0,0,0,0,0,0,0]} 1. e4 c6 2. d4 d5 3. e5 c5 4. dxc5 e6 5. Qg4 Nc6 6. Nf3 {B12: Caro-Kann: Advance Variation} h5 7. Qf4 Bxc5 8. Bd3 f6 $146 ({Predecessor:} 8... Nb4 9. O-O Nxd3 10. cxd3 Ne7 11. d4 Ng6 12. Qg3 Be7 13. Nc3 {½-½ (30) Perez Ponsa,F (2554)-Bacallao Alonso,Y (2582) Buenos Aires 2018}) 9. Qg3 Kf8 10. h4 ({Better is} 10. exf6 $11 gxf6 11. Nh4) 10... Nh6 $1 $15 11. Bxh6 Rxh6 ({Don't play} 11... gxh6 $6 12. Nc3 $11) 12. exf6 gxf6 {...Bd6 is the strong threat.} 13. Nc3 {[#]} Qd6 ({Black should play} 13... Bd6 $1 $17 {[%cal Rd6g3]} 14. Qh3 Bb4) 14. Qxd6+ Bxd6 15. O-O-O Bc5 16. Rd2 Bd7 17. a3 Rc8 18. Re1 a6 19. Bf1 Ne7 {[%cal Bc6e7,Be7g6,Bg6e5,Be5c4,Bc4d2][%mdl 32]} 20. Kb1 Bb6 21. Nd4 Kf7 22. g3 Rc7 23. Nb3 Ng6 24. Bg2 Ne5 25. Rde2 {The position is equal.} d4 26. Ne4 Nc4 27. Nbd2 Nxd2+ {Accuracy: White = 67%, Black = 63%.} 1/2-1/2

[Event "FIDE Zonal 2.5 Open 2019"]
[Site "Montevideo"]
[Date "2019.04.17"]
[Round "7.2"]
[White "Mareco, Sandro"]
[Black "Pichot, Alan"]
[Result "1-0"]
[WhiteElo "2651"]
[BlackElo "2566"]
[Annotator "TA"]
[PlyCount "81"]
[EventDate "2019.04.13"]
[EventType "swiss"]
[EventCountry "URU"]
[SourceTitle "playchess.com"]
[Source "ChessBase"]
[SourceQuality "1"]

{[%evp 17,81,47,81,79,93,60,42,36,42,30,35,25,35,22,78,28,24,25,37,37,37,38,29,39,64,64,58,48,59,17,9,5,4,4,5,0,10,14,25,25,19,12,134,134,136,137,137,122,151,151,419,418,582,545,731,322,316,282,1074,1067,998,1020,1006,992,29998,29999]} 1. d4 d5 2. c4 dxc4 3. Nf3 Nf6 4. e3 e6 5. Bxc4 a6 6. O-O c5 7. Qe2 b5 8. Bd3 Bb7 9. dxc5 Bxc5 {[#]} 10. Bxb5+ $1 {[%mdl 512] D28: Queen's Gambit Accepted: Classical main line: 7 Qe2 with early ...Nc6} Nbd7 {[%cal Bb8d7,Bd7e5,Be5f3][%mdl 32]} (10... axb5 11. Qxb5+) 11. Ba4 O-O 12. Nc3 {White is slightly better.} Qc7 13. e4 (13. h3 Ne5 14. e4 Nxf3+ 15. Qxf3 {½-½ (16) Kasimdzhanov,R (2704)-Mamedyarov,S (2736) Berlin 2015}) 13... Bd6 $146 ({Predecessor:} 13... Bb4 14. Rd1 Nc5 15. e5 Bxc3 16. bxc3 Nfe4 17. Qc2 Nxa4 18. Qxa4 Nxc3 {0-1 (40) Nijs,N (2106)-Atishay,A (1903) Kemer 2007}) 14. Bg5 Ne5 {White should prevent ...Nxf3+.} 15. Rac1 Qa5 (15... Nxf3+ $11 16. Qxf3 Bxh2+ 17. Kh1 Be5) 16. Bf4 (16. Nd2 {keeps more tension.} Rac8 17. f4 Neg4 18. h3 h6 19. hxg4 hxg5 20. e5) 16... Nxf3+ 17. Qxf3 Nxe4 18. Nxe4 Qxa4 19. Bxd6 Bxe4 20. Qg4 h5 21. Qxh5 Rfd8 22. Qe5 Bg6 23. Qg3 Qxa2 24. h4 {Black must now prevent Be5.} Qd5 25. Be5 $36 {[%mdl 2048] h5! is the strong threat. White has some pressure.} Qd3 $1 26. f3 Qe3+ 27. Kh2 Rac8 28. Rfe1 Qh6 29. Bc7 Rd4 (29... Re8 $11) 30. Bf4 $1 $16 {[%mdl 64] Discovered Attack} Rxf4 31. Rxc8+ Kh7 {[#]} 32. Rh1 $1 f6 33. Qf2 Ra4 $2 (33... e5 $16 34. g3 Rd4) 34. g3 $18 e5 35. Rd1 {Hoping for Rdd8.} Bf5 36. Rb8 (36. Rdd8 $142 {And now Rh8+ would win.} Rxh4+ 37. gxh4 Bxc8 38. Rxc8) 36... Rc4 {Strongly threatening ...Rc2!} 37. Rd2 e4 $2 (37... Kg6 38. Ra8 Rc1 39. Rxa6 Rf1 40. Qxf1 Qxd2+ 41. Qg2 Qe3) 38. Rdd8 Kg6 39. Rh8 Qc1 40. h5+ Kg5 41. f4+ {Accuracy: White = 67%, Black = 49%.} 1-0

[Event "FIDE Zonal 2.5 Open 2019"]
[Site "Montevideo"]
[Date "2019.04.17"]
[Round "7.3"]
[White "Rodriguez Vila, Andres"]
[Black "Cubas, Jose Fernando"]
[Result "1-0"]
[WhiteElo "2480"]
[BlackElo "2505"]
[Annotator "RC"]
[PlyCount "89"]
[EventDate "2019.04.13"]
[EventType "swiss"]
[EventCountry "URU"]
[SourceTitle "playchess.com"]
[Source "ChessBase"]
[SourceQuality "1"]
[TimeControl "40/5400+30:1800+30"]

1. e4 {[%emt 0:00:00]} c5 {[%emt 0:03:35]} 2. Nc3 {[%emt 0:00:00]} a6 {[%emt 0:01:03]} 3. Nf3 {[%emt 0:00:00]} d6 {[%emt 0:00:49]} 4. g3 {[%emt 0:00:03]} Nf6 {[%emt 0:06:10]} 5. Bg2 {[%emt 0:00:07]} Nc6 {[%emt 0:08:17]} 6. d4 {[%emt 0:00:30]} cxd4 {[%emt 0:00:25]} 7. Nxd4 {[%emt 0:00:03]} Bd7 {[%emt 0:04:50]} 8. O-O {[%emt 0:01:10]} e6 {[%emt 0:04:35]} 9. Be3 {[%emt 0:03:46]} Be7 {[%emt 0:00:55]} 10. f4 {[%emt 0:01:19]} O-O {[%emt 0:03:46]} 11. Qe2 {[%emt 0:00:15]} Qc7 {[%emt 0:09:56]} 12. a4 {[%emt 0:01:14]} Rac8 {[%emt 0:05:52]} 13. f5 {[%emt 0:13:31]} Nxd4 {[%emt 0:13:10]} 14. Bxd4 {[%emt 0:01:28]} Qc4 {[%emt 0:00:04]} 15. Qd2 {[%emt 0:00:26]} exf5 {[%emt 0:10:29]} 16. exf5 {[%emt 0:02:56]} Bc6 {[%emt 0:00:01]} 17. Rf4 {[%emt 0:07:46]} Nh5 {[%emt 0:02:07]} 18. Rg4 {[%emt 0:03:25]} Bf6 {[%emt 0:03:41]} 19. Rd1 {[%emt 0:06:33]} Rfe8 {[%emt 0:06:46]} 20. Qf2 {[%emt 0:20:58]} Bxg2 {[%emt 0:05:25]} 21. Kxg2 {[%emt 0:02:38]} Be5 {[%emt 0:03:24]} 22. Rh4 {[%emt 0:09:28]} Nf6 {[%emt 0:00:25]} 23. Bxe5 {[%emt 0:02:35]} Qc6+ {[%emt 0:00:05]} 24. Qf3 {[%emt 0:00:04]} Qxf3+ {[%emt 0:03:58]} 25. Kxf3 {[%emt 0:00:05]} Rxe5 {[%emt 0:00:36]} 26. Rf4 {[%emt 0:09:38]} d5 {[%emt 0:01:30]} 27. g4 {[%emt 0:00:08]} h6 {[%emt 0:00:12]} 28. Rb4 {[%emt 0:01:49]} Rce8 {[%emt 0:00:36]} 29. Kf4 {[%emt 0:07:10]} g5+ {[%emt 0:01:02]} 30. fxg6 {[%emt 0:00:05]} fxg6 {[%emt 0:00:02]} 31. Rxb7 {[%emt 0:00:41]} g5+ {[%emt 0:01:06]} 32. Kg3 {[%emt 0:00:04]} Re3+ {[%emt 0:00:20]} 33. Kg2 {[%emt 0:00:07]} Nxg4 {[%emt 0:00:40]} 34. Nxd5 {[%emt 0:00:32]} Re2+ {[%emt 0:00:27]} 35. Kg3 {[%emt 0:00:08]} h5 {[%emt 0:00:31]} 36. h3 {[%emt 0:00:20]} Nh2 {[%emt 0:00:13]} 37. Nf6+ {[%emt 0:02:05]} Kf8 {[%emt 0:00:01]} 38. Nh7+ {[%emt 0:00:47]} Kg8 {[%emt 0:00:01]} 39. Nxg5 {[%emt 0:00:12]} Rxc2 {[%emt 0:01:44]} 40. Rd6 {[%emt 0:01:33]} Nf1+ {[%emt 0:00:23]} 41. Kh4 {[%emt 0:30:32]} Rc4+ {[%emt 0:00:26]} 42. Kxh5 {[%emt 0:00:00]} Ng3+ {[%emt 0:02:35]} 43. Kg6 {[%emt 0:00:00]} Rf4 {[%emt 0:01:59]} 44. Rg7+ {[%emt 0:00:00]} Kf8 {[%emt 0:01:49]} 45. Nh7# 1-0